Agrarian policies and problems in communist and non - communist countries (Record no. 361032)
[ view plain ]
| 000 -LEADER | |
|---|---|
| fixed length control field | 004270000a22001450004500 |
| 060 ## - NATIONAL LIBRARY OF MEDICINE CALL NUMBER | |
| Classification number | 100 |
| 082 ## - DEWEY DECIMAL CLASSIFICATION NUMBER | |
| Classification number | 338.180 9171 JAC |
| 100 ## - MAIN ENTRY--PERSONAL NAME | |
| Personal name | Jackson, Douglas W.A. |
| 245 ## - TITLE STATEMENT | |
| Title | Agrarian policies and problems in communist and non - communist countries |
| 260 ## - PUBLICATION, DISTRIBUTION, ETC. (IMPRINT) | |
| Place of publication, distribution, etc. | University of tokyo press |
| 260 ## - PUBLICATION, DISTRIBUTION, ETC. (IMPRINT) | |
| Date of publication, distribution, etc. | 1971 |
| 300 ## - PHYSICAL DESCRIPTION | |
| Extent | 488 |
| 650 ## - SUBJECT ADDED ENTRY--TOPICAL TERM | |
| Topical term or geographic name as entry element | Production/ agriculture/ economic systems/ agrarian problems/ policies |
| 942 ## - ADDED ENTRY ELEMENTS (KOHA) | |
| Koha item type | Books (General) |
| Withdrawn status | Lost status | Damaged status | Not for loan | Home library | Current library | Date acquired | Total Checkouts | Full call number | Barcode | Date last seen | Price effective from | Koha item type |
|---|---|---|---|---|---|---|---|---|---|---|---|---|
| College of Agriculture, Vellayani | College of Agriculture, Vellayani | 02/05/2014 | 338.180 9171 JAC | KAU_COAV-18571 | 02/05/2014 | 02/05/2014 | Books (General) |
